| 000 | 00902nam a22002897a 4500 | ||
|---|---|---|---|
| 001 | BR2017003254 | ||
| 003 | BR-BrBNA | ||
| 005 | 20230928105210.0 | ||
| 007 | ta | ||
| 008 | 230509b bl.||||| |||| 00| 0 por d | ||
| 040 |
_aBR-BrBNA _bpor _cBiblioteca Nacional de Agricultura |
||
| 041 | _a(Por) | ||
| 072 |
_aL73 _b5100 _b4050 |
||
| 090 | _ 5100 BR2017003254 | ||
| 100 | 1 | _aFiorillo, K.S. | |
| 110 | 1 |
_aUniversidade de Brasília, DF (Brasil). Faculdade de Agronomia e Medicina Veterinária _0Tese (Mestre em Saúde Animal) |
|
| 245 | 1 | _aPrevalência de anemia infecciosa equina em haras nde Minas Gerais | |
| 260 | 3 |
_aBrasília, DF (Brasil): _c2011. |
|
| 300 | _a47 p. | ||
| 500 | _aSummaries (Eng, Por); 38 ref.; 14 tables | ||
| 650 | _aEQUINO | ||
| 650 | _aANEMIA INFECCIOSA | ||
| 650 | _aPROFILAXIA | ||
| 650 | _aMINAS GERAIS | ||
| 909 |
_a202309 _bLucia _c55 _dLucia Elande |
||
| 942 | _cBK | ||
| 999 |
_c83982 _d83982 |
||